Home Print Resources E-Books E-Journals IIMT Lecture Series Library Membership Form Book Recommendation Form Campus Tour Take AdmissionAbout Us Contact Us

PHARMACEUTICAL MICROBIOLOGY (Record no. 64461)

000 -LEADER
fixed length control field 00310nam a22001337a 4500
008 - FIXED-LENGTH DATA ELEMENTS--GENERAL INFORMATION
fixed length control field 241019b |||||||| |||| 00| 0 eng d
020 ## - ISBN
International Standard Book Number 9789395161442
040 ## - CATALOGING SOURCE
Original cataloging agency IIMT University College of Medical Sciences
100 ## - MAIN ENTRY--PERSONAL NAME
Personal name KAR,ASHUTOSH
245 ## - TITLE STATEMENT
Title PHARMACEUTICAL MICROBIOLOGY
260 ## - PUBLICATION, DISTRIBUTION, ETC. (IMPRINT)
Place of publication, distribution, etc NEW DELHI
Name of publisher, distributor, etc NEW AGE
Date of publication, distribution, etc 2024
300 ## - PHYSICAL DESCRIPTION
Pages 388
942 ## - ADDED ENTRY ELEMENTS (KOHA)
Koha item type Text-Book- for 7 days
952 ## - LOCATION AND ITEM INFORMATION (KOHA)
-- 2024-10-19
952 ## - LOCATION AND ITEM INFORMATION (KOHA)
-- 2026-01-30
-- 2025-08-25
-- 2024-10-19
952 ## - LOCATION AND ITEM INFORMATION (KOHA)
-- 2024-10-19
952 ## - LOCATION AND ITEM INFORMATION (KOHA)
-- 2024-10-19
952 ## - LOCATION AND ITEM INFORMATION (KOHA)
-- 2024-10-19
Holdings
Withdrawn status Lost status Source of classification or shelving scheme Damaged status Not for loan Location (home branch) Sublocation or collection (holding branch) Date acquired Source of Acquisition Cost Normal purchase price Koha issues (times borrowed) Koha full call number Accession No. Koha date last seen Koha item type
          IIMT University College of Medical Sciences IIMT University College of Medical Sciences 10/19/2024 ARISTA 399.00   61703(KAR) 02-B-14293 10/19/2024 Text-Book- for 7 days
          IIMT University College of Medical Sciences IIMT University College of Medical Sciences 10/19/2024 ARISTA 399.00 1 61703(KAR) 02-B-14294 08/25/2025 Text-Book- for 7 days
          IIMT University College of Medical Sciences IIMT University College of Medical Sciences 10/19/2024 ARISTA 399.00   61703(KAR) 02-B-14295 10/19/2024 Text-Book- for 7 days
          IIMT University College of Medical Sciences IIMT University College of Medical Sciences 10/19/2024 ARISTA 399.00   61703(KAR) 02-B-14296 10/19/2024 Text-Book- for 7 days
          IIMT University College of Medical Sciences IIMT University College of Medical Sciences 10/19/2024 ARISTA 399.00   61703(KAR) 02-B-14297 10/19/2024 Text-Book- for 7 days
IIMT, Central Library. All Rights Reserved IIMT,UNIVERSITY © 2023
Implemented and Customised by I CLOUDE EMS
You Are OPAC Visitor No
free web counter

Powered by Koha